| 000 | nam a22 7a 4500 | ||
|---|---|---|---|
| 999 |
_c328969 _d328969 |
||
| 003 | Nust | ||
| 005 | 20170420113056.0 | ||
| 008 | 170420b xxu||||| |||| 00| 0 eng d | ||
| 020 | _a8176484806 | ||
| 040 | _c0 | ||
| 082 | _a363.73 KUM | ||
| 100 | _aKumar,Arvind | ||
| 245 |
_aEnvironmental Pollution and Health Hazards _cArvind Kumar |
||
| 260 |
_aNew Delhi _bA.P.H Pub Corporation _c2004 |
||
| 300 | _a479p. | ||
| 500 | _aH.B | ||
| 942 |
_2ddc _cBK _k363.73 KUM |
||